Kongres ... : patriotisme teras ketahanan nasional, 24-26 Oktober 2002, Bangi, Selangor

Bibliographic Details
Corporate Author: KONGRES Patriotisme Negara
Format: Book
Published: Sinto,; Kuala Lumpur : Universiti Utara Malaysia; Biro Tatanegara , 2002
Subjects:

MARC

LEADER 00000cam a2200000 7i4500
001 0000002670
005 20031022.0
090 0 0 |a C320.5409595   |b KON 2002 
110 1 0 |a KONGRES Patriotisme Negara   |k 2002   |j Bangi, Selangor 
245 1 0 |a Kongres ... :   |b patriotisme teras ketahanan nasional, 24-26 Oktober 2002, Bangi, Selangor 
260 0 0 |a Sinto,; Kuala Lumpur :   |b Universiti Utara Malaysia; Biro Tatanegara ,   |c 2002 
300 |a Various pagings :   |b ill. ;   |c 30 cm. 
500 0 0 |a Includes bibliographical references 
650 0 0 |a Patriotism   |z Malaysia   |x Congresses 
998 |a JPSM 
999 |a 0000005055   |b Monograph   |c Conference kit   |e Default branch